000 01063cab a22002055a 4500
001 L145876
008 081119e20081115xxkad f s 000 0 eng d
035 _a(Sirsi) u145876
041 0 _aeng
100 1 _aPhillips, Mike
245 0 0 _aCrash and burn
260 _c2008
490 _aEstates Gazette
_v(0845) 15 November 2008, 44-49(5)
520 _aAnnual survey by Estates Gazette and Property Funds Research explores the losses in property funds over the last twelve months and looks at which funds have best managed to avoid the turmoil of the current economic climate. Features detailed tables and statistics on: top fund managers by value of assets under management; top fund managers by value of their indirect vehicles; top fund managers by value of their discretionary mandates; top vehicles by gross asset value and vehicles launched over the past twelve months.
590 _aKA
651 4 _aUnited Kingdom
_y
690 _aPROPERTY-INFRASTRUCTURE-INFRASTRUCTURE FINANCE AND INVESTMENT
710 _aProperty Funds Research
_95655
942 _n0
999 _c80958
_d80958